| 000 | 00306 a2200109 4500 | ||
|---|---|---|---|
| 001 | 63293 | ||
| 082 | _a010.5491 NLP | ||
| 090 |
_c37335 _d37335 |
||
| 100 | _aNational Library of Pakistan | ||
| 245 |
_aThe Pakistan National Bibliography 1998 _hEnglish |
||
| 260 |
_aPakistan _bNational Library of Pakistan |
||
| 942 |
_aCAE NUST _k010.5491 NLP |
||
| 999 |
_c298366 _d298366 |
||